000
002300000a22000970004500
100
1
_a
Salem, Luis D.
245
1
0
_a
La pascua judía
300
_a
Vol. 3, Núm 14 (1991), Páginas 5-6
773
0
_t
Impacto Presbiteriano
942
_c
ANA
999
_c
50973
_d
50973